000 00335nam a2200097Ia 4500
008 220204s9999 xx 000 0 und d
082 _a631.8:31
_bFER
245 0 _aFertilizer and agriculture statistics: Southern region (Andhra Pradesh, Karnataka, Kerala, Tamil Nadu and Pondicherry) 1998-99
260 _aChennai
_bFAI
_c1999
942 _cBK
999 _c43890
_d43890